000 01077nam a2200325 i 4500
001 bg
100 1 _aCARPENTER, Catrine
245 1 0 _aJęzyk francuski dla początkujących /
_cCatrine Carpenter ; przeł. Renata Niziołek, Barbara Sławomirska.
246 _iTyt. oryg.:
_aBeginner's French
250 _aWyd.2.
260 _aKraków :
_bWydaw. Literackie,
_c2002.
300 _a248, [4] s. :
_brys. ;
_c20 cm +
_ekaseta dźw.
490 1 _aUcz się Sam. Języki Obce
500 _aTyt. oryg.: "Beginner's French" 1992.
650 9 _aJęzyk francuski
655 _aPodręczniki
700 1 _aNIZIOŁEK, Renata.
_eTł.
700 1 _aSŁAWOMIRSKA, Barbara.
_eTł.
830 0 _aUcz się Sam.
_pJęzyki Obce
020 _a8308032702
020 _a8308027458 (seria)
040 _cBPK
041 1 _afrpl
_hen
080 _a811.133.1(07)
920 _a83-08-03270-2
920 _a83-08-02745-8 (seria)
942 _cKS
008 s pl f |000 0 pol
999 _c41790
_d41790